"Im gleichen Schritt und Tritt" : Dokumentation der 16. SS-Panzergrenadierdivision "Reichsführer-SS" /

Bibliographic Details
Corporate Author: Trupppenkameradschaft der 16. SS-Panzergrenadier-Division "Reichsführer-SS." Divisionsgeschichtliche Arbeitgemeinschaft
Format: Book
Language:German
Published: München : Schild-Verlag, [1998]
Subjects:

MARC

Tag First Indicator Second Indicator Subfields
LEADER 00000cam a2200000Ia 4500
001 in00001629321
005 20151023084606.0
008 011022s1998 gw abch 000 0 ger d
020 |a 3880141142 
020 |a 9783880141148 
035 |a (OCoLC)ocm48188292 
035 |a (OCoLC)48188292 
040 |a TXA  |c TXA  |d OCLCQ  |d TXA  |d UtOrBLW 
043 |a e-gx--- 
049 |a TXAM 
090 |a D757.56 Nr.16  |b .I4 1998 
245 0 0 |a "Im gleichen Schritt und Tritt" :  |b Dokumentation der 16. SS-Panzergrenadierdivision "Reichsführer-SS" /  |c Trupppenkameradschaft (Hrsg.). 
246 3 0 |a Reichsführer-SS 
264 1 |a München :  |b Schild-Verlag,  |c [1998] 
264 4 |c ©1998 
300 |a 784 pages :  |b illustrations (some color), facsimiles, maps, portraits ;  |c 31 cm. +  |e 1 portfolio (folded illustrations, folded maps (some color) ; 31 cm.) 
336 |a text  |b txt  |2 rdacontent 
337 |a unmediated  |b n  |2 rdamedia 
338 |a volume  |b nc  |2 rdacarrier 
500 |a Portfolio entitled: Mappe mit 31 Beilagen (19 Übersichtskarten, 5 Gliederungen, 4 Lage- und 3 Übersichtsskizzen). 
610 1 0 |a Germany.  |b Heer.  |b Panzergrenadier-Division, 16  |x History. 
610 2 0 |a Waffen-SS.  |b SS-Panzergrenadier-Division "Reichsführer SS", 16  |x History. 
650 0 |a World War, 1939-1945  |x Tank warfare. 
650 0 |a World War, 1939-1945  |x Regimental histories  |z Germany. 
710 2 |a Trupppenkameradschaft der 16. SS-Panzergrenadier-Division "Reichsführer-SS."  |b Divisionsgeschichtliche Arbeitgemeinschaft. 
948 |a cataloged  |b h  |c 2001/10/22  |d o  |e randrew  |f 9:47:46 am 
994 |a C0  |b TXA 
949 |a updated  |b h  |c 2008/6/11  |d c  |e nbehmer  |f 12:45:06 pm 
999 |a MARS 
999 f f |s 27189a37-b476-35f3-8e0c-32e1ca086587  |i ec4e6c85-0482-317f-a1b2-3bfbdb5b36ea  |t 0 
952 f f |p noncirc  |a Texas A&M University  |b College Station  |c Cushing Memorial Library & Archives  |d Cushing: Ragan Military (Does not check out)  |t 0  |e D757.56 Nr. 16 I4 1998  |h Library of Congress classification  |i unmediated -- volume  |k portfolio  |m A14852154260 
952 f f |p noncirc  |a Texas A&M University  |b College Station  |c Cushing Memorial Library & Archives  |d Cushing: Ragan Military (Does not check out)  |t 0  |e D757.56 Nr. 16 I4 1998  |h Library of Congress classification  |i unmediated -- volume  |k text  |m A14852154252 
998 f f |a D757.56 Nr. 16 I4 1998  |s portfolio  |t 0  |l Cushing: Ragan Military (Does not check out)